| 000 | 00577nam a2200193Ia 4500 | ||
|---|---|---|---|
| 005 | 20250508163455.0 | ||
| 008 | 008 250505s9999 xx 000 0 eng d | ||
| 020 | _a81-7141-145-2 (Set) | ||
| 037 | _aReference | ||
| 040 |
_aFEDL _beng _cFEDL |
||
| 041 |
_aeng _2eng |
||
| 084 |
_a304.607, NCE _qFEDL |
||
| 100 |
_aSeshadri C Ed. _9486889 |
||
| 245 | 0 | _aPopulation education : A national source book Vol. 1 | |
| 245 | 0 | _cNational Council of Educational Research and Training | |
| 300 | _a404p. | ||
| 942 |
_cREF _h304.607, NCE |
||
| 999 |
_c1383531 _d1383531 |
||